000 01240nam a2200397 i 4500
001 3677
003 KOSZ 005
005 20240904062936.0
008 070628s1973 pl ab f |000 0 pol
015 _aPB 1973/11369
035 _a(OCoLC)749820465
040 _aWA N
_cWA N
_dKOSZ 005/HR
046 _k1947
080 _a528.2/.4
080 _a(07)
100 1 _aKietlińska, Zofia
_d(1913-1989)
_eAutor
245 1 0 _aMiernictwo na usługach inżynierii /
_cZofia Warchałowska-Kietlińska.
250 _aWyd. 7 zaktual.
260 _aWarszawa :
_b"Arkady",
_c1973.
300 _a376, [3] s. :
_bil., mapy, err. ;
_c23 cm.
336 _2rdacontent
_aTekst
_btxt
337 _2rdamedia
_aBez urządzenia pośredniczącego
_bn
338 _2rdacarrier
_aWolumin
_bnc
380 _aKsiążki
388 _a1901-2000
388 _a1945-1989
504 _aBibliografia.
650 4 _aGeodezja
650 4 _aPomiary
655 4 _aPodręcznik
658 _aGeografia i nauki o Ziemi
658 _aInżynieria i technika
710 2 _aWydawnictwo Arkady
_4pbl.
856 _uhttp://koha.tu.koszalin.pl/cgi-bin/koha/opac-detail.pl?biblionumber=3677
_yKatalog online BPK
942 _2UKD
_cKS
999 _c3677
_d3677